Psychology: Core Concepts (Record no. 1845)

MARC details
005 - DATE AND TIME OF LATEST TRANSACTION
control field 20250430150542.0
020 ## - INTERNATIONAL STANDARD BOOK NUMBER
International Standard Book Number 0-205-42428-7
082 ## - DEWEY DECIMAL CLASSIFICATION NUMBER
Classification number LECT 150 ZIM
100 ## - MAIN ENTRY--PERSONAL NAME
Author name ZIMBARDO, P. G.
245 ## - TITLE STATEMENT
Title Psychology: Core Concepts
250 ## - EDITION STATEMENT
Edition statement 5th Ed.
260 ## - PUBLICATION, DISTRIBUTION, ETC.
Place of publication, distribution, etc. New York,
Name of publisher, distributor, etc. Pearson,
Date of publication, distribution, etc. 2006.
300 ## - PHYSICAL DESCRIPTION
Extent xxxi,687p,: ill.; figure, picture & table.
Other physical details Glossary, index and reference.
Dimensions 28cm.
700 ## - ADDED ENTRY--PERSONAL NAME
Other authors/Editors JOHNSON, R. L & WEBER, A. L.
856 ## - ELECTRONIC LOCATION AND ACCESS
Link text Online Access Book
Electronic name Psychology: Core Concepts
Path www.ablongman.com
942 ## - ADDED ENTRY ELEMENTS (KOHA)
Source of classification or shelving scheme Dewey Decimal Classification
Koha item type Books
Holdings
Date last seen Total checkouts Full call number Barcode Cost, replacement price Price effective from Koha item type Lost status Source of classification or shelving scheme Damaged status Not for loan Withdrawn status Home library Current library Shelving location Date acquired Cost, normal purchase price
04/30/2025   LECT 150 ZIM 0000007202 150000.00 04/30/2025 Books   Dewey Decimal Classification       College of Business Education Main Library College of Business Education Main Library General Collection 11/28/2014 50000.00